e-Pollution: Database for effluent management in the rubber industry (Record no. 58721)

MARC details
000 -LEADER
fixed length control field 00467nam a2200169Ia 4500
100 ## - MAIN ENTRY--AUTHOR NAME
Personal name Hidayaty K
245 #0 - TITLE STATEMENT
Title e-Pollution: Database for effluent management in the rubber industry
260 ## - PUBLICATION, DISTRIBUTION, ETC. (IMPRINT)
Name of publisher Rubber Technology Developments
Year of publication 2012
300 ## - PHYSICAL DESCRIPTION
Number of Pages 15-17
650 ## - SUBJECT ADDED ENTRY--TOPICAL TERM
Topical Term Effluent Management
650 ## - SUBJECT ADDED ENTRY--TOPICAL TERM
Topical Term e-Pollution
650 ## - SUBJECT ADDED ENTRY--TOPICAL TERM
Topical Term Rubber Industry
700 ## - ADDED ENTRY--PERSONAL NAME
Personal name Fadhilah I
700 ## - ADDED ENTRY--PERSONAL NAME
Personal name Zairossani MN
942 ## - ADDED ENTRY ELEMENTS (KOHA)
Koha item type Journals
Holdings
Withdrawn status Lost status Damaged status Not for loan Home library Current library Shelving location Date acquired Serial Enumeration / chronology Koha item type
      Journals RRII Library RRII Library Rubber general 01/01/2021 Volume 12, Issue 1 Journals